Communes françaises qui terminent par -sur-Moselle - Statistiques

Statistiques générales
  • Ce quiz a été pris 22 fois
  • Le résultat moyen est 5 sur 17
Statistiques - réponses
Département Commune Population (2023) % Correct
Moselle {Ars}-sur-Moselle 4 616
90%
Meurthe-et-Moselle {Pagny}-sur-Moselle 3 919
60%
Moselle {Novéant}-sur-Moselle 1 844
55%
Moselle {Ay}-sur-Moselle 1 601
40%
Vosges {Châtel}-sur-Moselle 1 723
40%
Moselle {Corny}-sur-Moselle 2 168
40%
Vosges {Rupt}-sur-Moselle 3 419
40%
Vosges {Saint}-{Maurice}-sur-Moselle 1 306
35%
Moselle {Berg}-sur-Moselle 461
25%
Meurthe-et-Moselle {Flavigny}-sur-Moselle 1 661
25%
Vosges {Fresse}-sur-Moselle 1 662
20%
Meurthe-et-Moselle {Fontenoy}-sur-Moselle 365
15%
Meurthe-et-Moselle {Autreville}-sur-Moselle 264
10%
Meurthe-et-Moselle {Champey}-sur-Moselle 315
10%
Meurthe-et-Moselle {Chaudeney}-sur-Moselle 730
5%
Meurthe-et-Moselle {Neuviller}-sur-Moselle 250
5%
Meurthe-et-Moselle {Velle}-sur-Moselle 327
5%
Aucun quiz correspondant
Distribution des résultats
% des personnes avec chaque résultat
Percentile par nombre de réponses
Votre historique - résultats
Vous n’avez pas pris ce quiz